000 01560nam0a2200373 i 4500
001 RU\NLR\bibl\2059638
005 20240921135012.0
010 _a9785985972627
_9100
021 _aRU
_b2013-52842
_93666
035 _a(nilc)RuMoRGB-006603551
035 _a(NLR Aleph) 002046412
090 _a4620683
_c4620683
100 _a20130708d2013 u y0rusy50 ca
101 0 _arus
102 _aRU
105 _aa |||||||||
200 1 _aВзаимодействие государства и бизнес-корпораций современной России
_e(политологический анализ)
_fЕ. А. Дорина
210 _aМосква
_cПроспект
_d2013
215 _a245 с.
_cил.
_d21
320 _aБиблиогр.: с. 228-244 (194 назв.)
606 1 _aКорпорации
_xУправление
_yРоссийская Федерация
_92145838
_3RU\NLR\AUTH\661292825
610 0 _aгосударство и бизнес-корпорации, взаимодействие
610 0 _a"Норильский никель", ГМК - взаимодействие с государством
610 0 _aполитология
686 1 _aУ21(2)25(2Р)
700 1 _aДорина
_bЕ. А.
_gЕвгения Анатольевна
_4070
801 0 _aRU
_bRuMoRKP
_c20130708
_gRCR
801 2 _aRU
_bРГБ
_c20130801
_grcr
801 1 _aRU
_bRuMoRKP
_c20130708
_2rusmarc
801 2 _aRU
_bNLR
_c20130805
_grcr
942 _cBOOK
980 _aNBR